书目信息 |
| 题名: |
现代园林景观快速表现技法
|
|
| 作者: | 陈杰 , 田勇 主编 | |
| 分册: | ||
| 出版信息: | 长沙 湖南人民出版社 2009.06 |
|
| 页数: | 112页 | |
| 开本: | 25×26cm | |
| 丛书名: | ||
| 单 册: | ||
| 中图分类: | TU986.2 | |
| 科图分类: | ||
| 主题词: | 园林设计--yuan lin she ji--快速表现--高等学校--教材 | |
| 电子资源: | ||
| ISBN: | 978-7-5438-5457-4 | |
| 000 | 00952nam0 2200265 450 | |
| 001 | 012010208488 | |
| 005 | 20100524143134.18 | |
| 010 | @a978-7-5438-5457-4@dCNY58.00 | |
| 100 | @a20100524d2009 em y0chiy0120 ea | |
| 101 | 0 | @achi |
| 102 | @aCN@b430000 | |
| 105 | @aa a 000yy | |
| 106 | @ar | |
| 200 | 1 | @a现代园林景观快速表现技法@Axian dai yuan lin jing guan kuai su biao xian ji fa@f陈杰, 田勇主编@Fchen jie,tian yong zhu bian |
| 210 | @a长沙@c湖南人民出版社@d2009.06 | |
| 215 | @a112页@c图@d25×26cm | |
| 300 | @a21世纪高等学校美术与设计专业规划教材 | |
| 320 | @a有书目 (第112页) | |
| 330 | @a本书主要内容包括:园林景观快速表现技法概述,园林景观手绘表现的基本理论,园林景观手绘表现技法的线稿表达等。 | |
| 606 | 0 | @a园林设计@Ayuan lin she ji@x快速表现@x高等学校@j教材 |
| 690 | @aTU986.2@v4 | |
| 701 | 0 | @a陈杰@Achen jie@4主编 |
| 701 | 0 | @a田勇@Atian yong@4主编 |
| 801 | 0 | @aCN@bQSSK@c20100524 |
| 905 | @b779511-15@dTU986.2@eC471@f5 | |
| 现代园林景观快速表现技法/陈杰, 田勇主编.-长沙:湖南人民出版社,2009.06 |
| 112页:图;25×26cm |
| 21世纪高等学校美术与设计专业规划教材 |
| ISBN 978-7-5438-5457-4:CNY58.00 |
| 本书主要内容包括:园林景观快速表现技法概述,园林景观手绘表现的基本理论,园林景观手绘表现技法的线稿表达等。 |
| ● |
| 相关链接 |
|
|
|
正题名:现代园林景观快速表现技法
索取号:TU986.2/C471
 
预约/预借
| 序号 | 登录号 | 条形码 | 馆藏地/架位号 | 状态 | 备注 |
| 1 | 779511 | 207795117 | 建筑库201/201建筑库 67排4列5层/ [索取号:TU986.2/C471] | 在馆 | |
| 2 | 779512 | 207795126 | 建筑库201/201建筑库 67排4列5层/ [索取号:TU986.2/C471] | 在馆 | |
| 3 | 779513 | 207795135 | 建筑库201/201建筑库 67排4列5层/ [索取号:TU986.2/C471] | 在馆 | |
| 4 | 779514 | 207795144 | 建筑库201/201建筑库 67排4列5层/ [索取号:TU986.2/C471] | 在馆 | |
| 5 | 779515 | 207795153 | 建筑库201/201建筑库 67排4列5层/ [索取号:TU986.2/C471] | 在馆 |